[Event "Roncana op-A 8th"]
[Site "Santa Eulalia de Roncana"]
[Date "2014.11.01"]
[Round "3"]
[White "Sanchez Guisado, Antonio"]
[Black "Martin Perez, Laura"]
[Result "1/2-1/2"]
[WhiteElo "1966"]
[BlackElo "2212"]
[PlyCount "63"]
[EventDate "2014.10.11"]
[EventType "swiss"]
[EventRounds "8"]
[EventCountry "ESP"]
[SourceTitle "CBM 163 Extra"]
[Source "ChessBase"]
[SourceDate "2014.12.23"]
[SourceVersion "1"]
[SourceVersionDate "2014.12.23"]
[SourceQuality "1"]

1. e4 c5 2. Nf3 g6 3. d4 cxd4 4. Nxd4 Nc6 5. Be3 Bg7 6. Be2 Qa5+ 7. c3 Nf6 8. f3 0-0 9. Na3 d5 10. Nxc6 bxc6 11. e5 Ne8 12. f4 Rb8 13. Qd2 f6 14. exf6 Nxf6 15. 0-0 Ne4 16. Qc1 c5 17. Bd3 Bf5 18. Bxe4 Bxe4 19. Rf2 Kh8 20. Qe1 e5 21. fxe5 Bxe5 22. Bh6 Rfe8 23. Re2 Qc7 24. h3 Bh2+ 25. Kh1 Bxg2+ 26. Kxg2 Rxb2 27. Bd2 Rxe2+ 28. Qxe2 Qg3+ 29. Kh1 Qxh3 30. Qe8+ Kg7 31. Qe7+ Kg8 32. Qe8+ 1/2-1/2

[Event "Llinars del Valles op 3rd"]
[Site "Llinars del Valles"]
[Date "2009.04.25"]
[Round "2"]
[White "Sanchez Guisado, Antonio"]
[Black "Pozanco Romasanta, Marc"]
[Result "0-1"]
[WhiteElo "1857"]
[BlackElo "1628"]
[PlyCount "96"]
[EventDate "2009.04.18"]
[EventType "swiss"]
[EventRounds "7"]
[EventCountry "ESP"]
[SourceTitle "EXT 2011"]
[Source "ChessBase"]
[SourceDate "2010.11.26"]
[SourceVersion "1"]
[SourceVersionDate "2010.11.26"]
[SourceQuality "1"]

1. e4 a6 2. Nc3 b5 3. d4 Bb7 4. Bd3 e6 5. Nf3 Nf6 6. Bg5 Be7 7. 0-0 d6 8. a3 Nbd7 9. Re1 Rb8 10. Qe2 c5 11. e5 dxe5 12. dxe5 Nd5 13. Bxe7 Qxe7 14. Nxd5 Bxd5 15. Rad1 0-0 16. h4 Bxf3 17. Qxf3 c4 18. Bf1 Nc5 19. h5 h6 20. Rd4 Rfd8 21. Red1 Rxd4 22. Rxd4 Qg5 23. Rf4 Rf8 24. Qe3 Na4 25. Re4 Qxe3 26. Rxe3 Rd8 27. b3 cxb3 28. cxb3 Nb6 29. Rd3 Nd5 30. g3 Kf8 31. Bg2 Ke7 32. Bxd5 exd5 33. Rc3 d4 34. Rd3 Ke6 35. f4 Kd5 36. Kf2 Rc8 37. Kf3 Rc2 38. g4 a5 39. b4 axb4 40. axb4 Rb2 41. Rd1 Rxb4 42. g5 Rb3+ 43. Ke2 Ke4 44. g6 fxg6 45. e6 Ra3 46. hxg6 Ra6 47. f5 Kxf5 48. Rxd4 Rxe6+ 0-1